Formula One Drivers who won at Monza - Statistics

General Stats
  • This quiz has been taken 375 times
    284 since last reset
  • The average score is 60 of 72
Answer Stats
Year Answer Nationality % Correct
2012 Lewis Hamilton United Kingdom
100%
2014 Lewis Hamilton United Kingdom
100%
2015 Lewis Hamilton United Kingdom
100%
2017 Lewis Hamilton United Kingdom
100%
2018 Lewis Hamilton United Kingdom
100%
2019 Charles Leclerc Monaco
99%
2022 Max Verstappen Netherlands
99%
2007 Fernando Alonso Spain
98%
2010 Fernando Alonso Spain
98%
1996 Michael Schumacher Germany
98%
1998 Michael Schumacher Germany
98%
2000 Michael Schumacher Germany
98%
2003 Michael Schumacher Germany
98%
2006 Michael Schumacher Germany
98%
2008 Sebastian Vettel Germany
98%
2011 Sebastian Vettel Germany
98%
2013 Sebastian Vettel Germany
98%
2021 Daniel Ricciardo Australia
97%
2016 Nico Rosberg Germany
97%
1990 Ayrton Senna Brazil
95%
1992 Ayrton Senna Brazil
95%
2020 Pierre Gasly France
95%
1981 Alain Prost France
94%
1985 Alain Prost France
94%
1989 Alain Prost France
94%
1953 Juan Manuel Fangio Argentina
92%
1954 Juan Manuel Fangio Argentina
92%
1955 Juan Manuel Fangio Argentina
92%
1993 Damon Hill United Kingdom
91%
1994 Damon Hill United Kingdom
91%
1962 Graham Hill United Kingdom
91%
1960 Phil Hill United States
91%
1961 Phil Hill United States
91%
1951 Alberto Ascari Italy
90%
1952 Alberto Ascari Italy
90%
1978 Niki Lauda Austria
90%
1984 Niki Lauda Austria
90%
2002 Rubens Barrichello Brazil
89%
2004 Rubens Barrichello Brazil
89%
2009 Rubens Barrichello Brazil
89%
1983 Nelson Piquet Brazil
87%
1986 Nelson Piquet Brazil
87%
1987 Nelson Piquet Brazil
87%
1991 Nigel Mansell United Kingdom
87%
2001 Juan Pablo Montoya Colombia
84%
2005 Juan Pablo Montoya Colombia
84%
1950 Giuseppe Farina Italy
83%
1972 Emerson Fittipaldi Brazil
79%
1965 Jackie Stewart United Kingdom
77%
1969 Jackie Stewart United Kingdom
77%
1963 Jim Clark United Kingdom
77%
1979 Jody Scheckter South Africa
74%
1977 Mario Andretti United States
74%
1988 Gerhard Berger Austria
71%
1956 Stirling Moss United Kingdom
71%
1957 Stirling Moss United Kingdom
71%
1959 Stirling Moss United Kingdom
71%
1968 Denny Hulme New Zealand
67%
1964 John Surtees United Kingdom
67%
1967 John Surtees United Kingdom
67%
1997 David Coulthard United Kingdom
66%
1973 Ronnie Peterson Sweden
65%
1974 Ronnie Peterson Sweden
65%
1976 Ronnie Peterson Sweden
65%
1999 Heinz-Harald Frentzen Germany
64%
1970 Clay Regazzoni Switzerland
60%
1975 Clay Regazzoni Switzerland
60%
1982 René Arnoux France
54%
1995 Johnny Herbert United Kingdom
42%
1958 Tony Brooks United Kingdom
40%
1966 Ludovico Scarfiotti Italy
20%
1971 Peter Gethin United Kingdom
18%
No matching quizzes found
Score Distribution
Percent of People with Each Score
Percentile by Number Answered
Your Score History
You have not taken this quiz since the last reset